书目信息 |
| 题名: |
婚姻内外的古代女性
|
|
| 作者: | 常建华 著 | |
| 分册: | ||
| 出版信息: | 北京 中华书局 2006 |
|
| 页数: | 254页 | |
| 开本: | 23cm | |
| 丛书名: | 古代社会生活图记 | |
| 单 册: | ||
| 中图分类: | D691.91 | |
| 科图分类: | ||
| 主题词: | 女性--婚姻问题--研究--中国--古代 , 女性 , 婚姻问题 | |
| 电子资源: | ||
| ISBN: | 7-101-05025-5 | |
| 000 | 00893oam2 2200265 450 | |
| 001 | 003183296 | |
| 005 | 20070803105519.03 | |
| 010 | @a7-101-05025-5@dCNY32.00 | |
| 100 | @a20060104d2006 em y0chiy0110 ea | |
| 101 | 0 | @achi |
| 102 | @aCN@b110000 | |
| 105 | @aa z 000yy | |
| 200 | 1 | @a婚姻内外的古代女性@9hun yin nei wai de gu dai nv xing@f常建华著 |
| 210 | @a北京@c中华书局@d2006 | |
| 215 | @a254页@c图@d23cm | |
| 225 | 2 | @a古代社会生活图记 |
| 330 | @a本书上下两编。上编将古代有关婚姻思想、政策、制度与社会实际状况结合起来考察;下编收入《明代岁时节日中的女性活动》、《清代溺女婴问题》、《明清女性世纪丛说》等文章。 | |
| 461 | 0 | @12001 @a古代社会生活图记 |
| 606 | 0 | @a女性@x婚姻问题@x研究@y中国@z古代 |
| 606 | 0 | @a女性 |
| 606 | 0 | @a婚姻问题 |
| 690 | @aD691.91@v4 | |
| 701 | 0 | @a常建华@9chang jian hua@f(1957~)@4著 |
| 801 | 0 | @aCN@bNLC@c20070803 |
| 905 | @a10447@dD691.91@e145 | |
| 婚姻内外的古代女性/常建华著.-北京:中华书局,2006 |
| 254页:图;23cm.-(古代社会生活图记) |
| ISBN 7-101-05025-5:CNY32.00 |
| 本书上下两编。上编将古代有关婚姻思想、政策、制度与社会实际状况结合起来考察;下编收入《明代岁时节日中的女性活动》、《清代溺女婴问题》、《明清女性世纪丛说》等文章。 |
| ● |
| 相关链接 |
|
|
|
|
正题名:婚姻内外的古代女性
索取号:D691.91/145
 
预约/预借
| 序号 | 登录号 | 条形码 | 馆藏地/架位号 | 状态 | 备注 |
| 1 | 0801814 | 208018143 | 第一样本阅览室/ [索取号:D691.91/145] | 在馆 | |
| 2 | 0801815 | 208018152 | 第一借阅区/ [索取号:D691.91/145] | 在馆 | |
| 3 | 0801816 | 208018161 | 密集书库/ [索取号:D691.91/145] | 在馆 | |
| 4 | 0801817 | 208018170 | 第一借阅区/ [索取号:D691.91/145] | 在馆 | |
| 5 | 0801818 | 208018189 | 第一借阅区/ [索取号:D691.91/145] | 在馆 | |
| 6 | 0801819 | 208018198 | 第一借阅区/ [索取号:D691.91/145] | 在馆 | |
| 7 | 0801820 | 208018205 | 第一借阅区/ [索取号:D691.91/145] | 在馆 | |
| 8 | 0801821 | 208018214 | 第一借阅区/ [索取号:D691.91/145] | 在馆 | |
| 9 | 0801822 | 208018223 | 密集书库/ [索取号:D691.91/145] | 在馆 | |
| 10 | 0801823 | 208018232 | 密集书库/ [索取号:D691.91/145] | 在馆 |